| 000 | 00671nam a2200289Ia 4500 | ||
|---|---|---|---|
| 005 | 20260324144356.0 | ||
| 008 | 008 260324s9999 xx 000 0 eng d | ||
| 020 | _a9781315168388 | ||
| 037 | _aEBOOK | ||
| 040 | _aCRL | ||
| 040 | _beng | ||
| 040 | _cCRL | ||
| 041 | _2eng | ||
| 041 | _aeng | ||
| 084 | _qCRL | ||
| 100 |
_aTricia Szirom _91219090 |
||
| 245 | 0 | _aTeaching Gender? | |
| 245 | 0 | _bSex Education and Sexual Stereotypes | |
| 260 | _bTaylor and Francis | ||
| 260 | _c1988 | ||
| 365 | _a | ||
| 365 | _b170 | ||
| 856 | _uhttp://www.taylorfrancis.com/books/9781315168388 | ||
| 942 | _cEBOOK | ||
| 999 |
_c1825633 _d1825633 |
||